| 000 | 00946nam a2200301Ia 4500 | ||
|---|---|---|---|
| 001 | 23670 | ||
| 003 | IT-RoPAU | ||
| 008 | 130308s9999 xx 000 0 und d | ||
| 040 | _aIT-RoPAU | ||
| 040 | _cIT-RoPAU | ||
| 041 | _aINGLESE | ||
| 100 | _aBogart Leo | ||
| 100 | _gCodice Aut. SPICS: 9077 | ||
| 245 | _aAfter the Surgeon General's Report: Another Look Backward | ||
| 245 | _bTelevision And Social Behavior: Beyond violence And Children | ||
| 250 | _a1a ed. | ||
| 260 | _aHILLSDALE | ||
| 260 | _bLawrence Erlbaum As. | ||
| 260 | _c1980 [1° Ed.:1980 - Ed.Ling.Originale:1980] | ||
| 300 | _a"31 p. (prefazione: no ; testo: 31 [pagine: 103-133])" | ||
| 500 | _aContenuto e Ricerca televisiva Televisione e Cinema Televisione e Violenzasponsorizzazione Dalla violenza al Sesso | ||
| 650 | _aSAGGI SULLA TELEVISIONE | ||
| 650 | _eCodice materia Spics: 6961 | ||
| 942 | _cBK | ||
| 957 | _71 | ||
| 999 |
_c57524 _d57524 |
||
| 999 | _bSI | ||
| 999 | _g1 | ||